000 00521nam a2200193Ia 4500
005 20140402105547.0
008 140130s9999 xx 000 0 und d
020 _a043922330x
050 _aE 302.6.F8
_b.G46 2000
100 _aGiblin, James Cross
_931323
245 _cJames Cross Giblin.
_aThe amazing life of Benjamin Franklin /
260 _bScholastic,
_c2000.
_aUSA :
300 _a48 p. :
_bcol. ill. ;
_c25 cm.
440 _v1
_931174
521 _aG7
526 _c880
942 _cBK
_2lcc
999 _c41255
_d41255